| 000 -LEADER | |
|---|---|
| fixed length control field | 00449nam a22001697a 4500 |
| 005 - DATE AND TIME OF LATEST TRANSACTION | |
| control field | 20230117123951.0 |
| 008 - FIXED-LENGTH DATA ELEMENTS--GENERAL INFORMATION | |
| fixed length control field | 220226b ||||| |||| 00| 0 eng d |
| 020 ## - INTERNATIONAL STANDARD BOOK NUMBER | |
| ISBN | 978-81-85731-67-4 |
| 041 ## - LANGUAGE CODE | |
| Language code of text/sound track or separate title | eng |
| 082 ## - DEWEY DECIMAL CLASSIFICATION NUMBER | |
| Classification number | 615.1 |
| Item number | DAN-H |
| 100 ## - MAIN ENTRY--AUTHOR NAME | |
| Personal name | DANDIYA, P.C AND OTHERS |
| 245 ## - TITLE STATEMENT | |
| Title | HEALTH EDUCATION AND COMMUNITY PHARMACY |
| 260 ## - PUBLICATION, DISTRIBUTION, ETC. (IMPRINT) | |
| Place of publication | DELHI |
| Name of publisher | VALLABH PRAKASHAN |
| Year of publication | 2012 |
| 300 ## - PHYSICAL DESCRIPTION | |
| Number of Pages | 352;p |
| 650 ## - SUBJECT ADDED ENTRY--TOPICAL TERM | |
| Topical Term | PHARMACY |
| General subdivision | D.PHARMA |
| 942 ## - ADDED ENTRY ELEMENTS (KOHA) | |
| Koha item type | Books |
| Lost status | Damaged status | Collection code | Home library | Current library | Shelving location | Date acquired | Source of acquisition | Cost, normal purchase price | Full call number | Accession Number | Koha item type |
|---|---|---|---|---|---|---|---|---|---|---|---|
| PHARMACY | JRU Library | JRU Library | SHELF - 19 - H | 26/02/2022 | PURCHASE | 210.00 | 615.1 | 26768 | Books | ||
| PHARMACY | JRU Library | JRU Library | SHELF - 19 - H | 26/02/2022 | PURCHASE | 210.00 | 615.1 | 26769 | Books | ||
| PHARMACY | JRU Library | JRU Library | SHELF - 19 - H | 26/02/2022 | PURCHASE | 210.00 | 615.1 | 26770 | Books | ||
| PHARMACY | JRU Library | JRU Library | SHELF - 19 - H | 26/02/2022 | PURCHASE | 210.00 | 615.1 | 26771 | Books | ||
| PHARMACY | JRU Library | JRU Library | SHELF - 19 - H | 26/02/2022 | PURCHASE | 210.00 | 615.1 | 26772 | Books |